| 000 | 00509nam a2200181Ia 4500 | ||
|---|---|---|---|
| 008 | 100920s9999 xx 000 0 und d | ||
| 082 |
_b90702 _a24 न 04 |
||
| 100 | _aजोशी सुशीला. | ||
| 245 | _aअसंभव. | ||
| 260 |
_bसोनाली प्रकाशन,कणकवली. _c2004 |
||
| 300 |
_a199 _bसाधी |
||
| 365 | _b175 | ||
| 520 | _aसायो. | ||
| 630 | _aअसंभव. | ||
| 650 | _aसायो. | ||
| 730 | _aअसंभव. | ||
| 942 | _cBOOK | ||
| 999 |
_c731185 _d731182 |
||